000
00280nam a2200121Ia 4500
008
190216s9999||||xx |||||||||||||| ||und||
100
_a
Seth Kl & Phull Ds
245
0
_a
Dictionary Of Commerce
260
_b
Bright Careers
300
_a
400
650
_a
Commerce
942
_c
BK
999
_c
6623
_d
6623